000 00637nam a2200241Ia 4500
003 OSt
005 20221007110520.0
006 a|||||r|||| 00| 0
007 ta
008 221006b |||||||| |||| 00| 0 eng d
024 _a21,258
037 _cTextual
040 _aLCO
_cLCO
_beng
041 _2eng
_aeng
082 _aY:45:6, L2
100 _aGoswami B.K.
_9707589
245 0 _aCritical Study of Criminology and Penology
260 _aAllahabad
_bAllahabad Law Agency India
_c1972
300 _a200+vi
650 _aCRIMINOLOGY
942 _hY:45:6, L2
_cTEXL
999 _c1190821
_d1190821